1147 1243 1949 1822 1667 1354 1292 1390 1789 1824 1709 1864 1071 1549 1163 1218 1955 1581 1993 1981 1857 1078 1256 1211 1370 1097 1631 1972 1913 1843 1011 1386 1521 1871 1370 1172 1185 1376 1719 1486 1623 1167 1545 1957 1659 1533 1860 1638 1887 1894 1358 1484 1315 1985 1449 1122 1053 1325 1428 1056 1081 1759 1509 1321 1905 1653 1279 1807 1998 1629 1260 1518 1039 1914 1126 1555 1559 1148 1710 1465 1684 1877 1255 1558 1474 1700 1937 1048 1061 1444 1932 1395 1312 1559 1012 1636 1141 1659 1195 BCNSPRNW ULIB Ver.6.0+V

เปลี่ยนเป็นภาษาไทย

Change to English
 แสดงรายละเอียดบรรณานุกรม
  กลับหน้าหลัก

Brief Record : Get Marc (ISO 2709) : E-mail record : QR code < ปิดหน้าต่าง
LEADER : 00000nam 2200000uu 4500
001    13399112322
003     ULIB
008    110627s2554||||th 000 0 tha d
020    9786165220224
090    นว.^bก316ว 2554
100 0  กลีบลำดวน
245 00 วาระรัก/^cกลีบลำดวน
250    พิมพ์ครั้งที่ 1
260    กรุงเทพฯ :^bอินเลิฟ,^c2554
300    278 หน้า
710 1  อินเลิฟ
945    ^p179^l0^i030393
995    ทศพร
999 ^a ใช้งานได้ทุกระบบ
รายการนี้ยังไม่มีแท็ก
คุณยังไม่ได้ล็อกอิน คุณสามารถมีกิจกรรมร่วมกับเว็บไซต์ได้ แต่ต้องล็อกอินก่อน ::
  ล็อกอิน

รายการสื่อสารสนเทศ

ลำดับที่ ประเภท เลขเรียก/บาร์โค้ด สถานที่ สถานะ
- ไม่พบข้อมูล -

รายการใกล้เคียง
    ผู้แต่ง [กลีบลำดวน]

BibComment


ยังไม่เคยถูกคอมเมนท์

คอมเมนท์ทรัพยากรรายการนี้
  คอมเมนท์: วาระรัก กลีบลำดวน


 Copyright 2026. Bcnsprnw @Library